Statistics for Periods of the Ancient History of Egypt

Click here to take the quiz!

General Stats

  • This quiz has been taken 15 times
  • The average score is 6 of 11

Answer Stats

YearsPeriod% Correct
2055 - 1650Middle Kingdom
83%
30 BC - 641 ADRoman Period
83%
1550 - 1069New Kingdom
75%
2686 - 2181Old Kingdom
75%
305 - 30Ptolemaic Kingdom
67%
2181 - 2055First Intermediate Period
42%
1650 - 1550Second Intermediate Period
42%
1069 - 664Third Intermediate Period
42%
332 - 305Macedonian Period
25%
3150 - 2686Early Dynastic Period
17%
664 - 332Late Period
17%

Score Distribution

Percentile by Number Answered

Percent of People with Each Score

Your Score History

You have not taken this quiz